Got seif de cuin! /
Guardado en:
| Autor principal: | |
|---|---|
| Formato: | Libro |
| Lenguaje: | Spanish |
| Publicado: |
Guatemala :
Editorial Nueva Narrativa,
1995.
|
| Edición: | 1. edición en castellano. |
| Materias: | |
| Etiquetas: |
Agregar Etiqueta
Sin Etiquetas, Sea el primero en etiquetar este registro!
|
MARC
| LEADER | 00000cam a2200000 a 4500 | ||
|---|---|---|---|
| 001 | 125435 | ||
| 005 | 20150928160333.0 | ||
| 008 | 970428s1995 gt 000 1 spa | ||
| 020 | |a 9768111003 | ||
| 040 | |a DLC |c DLC |d DLC | ||
| 082 | 0 | 0 | |a Be863.4 |b R934g |
| 100 | 1 | |a Ruiz Puga, David N. |q (David Nicolás), |d 1966- | |
| 245 | 1 | 0 | |a Got seif de cuin! / |c David Nicolás Ruiz Puga. |
| 250 | |a 1. edición en castellano. | ||
| 260 | |a Guatemala : |b Editorial Nueva Narrativa, |c 1995. | ||
| 300 | |a 77 páginas: |3 ilustración | ||
| 650 | 1 | 4 | |a LITERATURA BELICEÑA |v NOVELA |
| 651 | 1 | 4 | |a BELICE |x HISTORIA |v NOVELA |
| 942 | |2 ddc |c BK | ||
| 999 | |c 4020 |d 4020 | ||



